LEADER 01974nam a2200397 i 4500 001 991003677159707536 005 20021220115240.0 008 020305s1993 it ||1 | ita 020 $a8808165388 035 $ab11847001-39ule_inst 035 $aLE01313207$9ExL 040 $aDip.to Matematica$beng 082 0 $a512.5 084 $aAMS 15-01 100 1 $aAbeasis, Silvana$042423 245 10$aElementi di algebra lineare e geometria /$cSilvana Abeasis 260 $aBologna :$bZanichelli,$c1993 300 $axi, 283 p. :$bill. ;$c24 cm 490 0 $aMatematica. Testi e manuali universitari [Zanichelli] 500 $aIncludes index 650 0$aAnalytic geometry 650 0$aLinear algebras$xTextbooks 650 4$aAlgebra lineare 650 4$aGeometria 907 $a.b11847001$b28-04-17$c20-12-02 912 $a991003677159707536 945 $aLE026 512.5 D ABE 01.02 C.1 1993$g1$i2026000004655$lle026$o-$pE0.00$q-$rn$s- $t1$u3$v0$w3$x0$y.i1004355x$z31-05-02 945 $aLE026 512.5 D ABE 01.02 C.2 1993$g2$i2026000004808$lle026$o-$pE0.00$q-$rl$s- $t0$u14$v3$w14$x0$y.i10043561$z31-05-02 945 $aLE026 512.5 D ABE 01.02 C.3 1993$g3$i2026000026244$lle026$nProf. Vitolo / Biblioteca$op$pE24.00$q-$rl$s- $t0$u11$v2$w11$x0$y.i14199506$z02-03-06 945 $aLE013 15-XX ABE13 C.1 (1993)$g1$i2013000133560$lle013$o-$pE0.00$q-$rl$s- $t0$u41$v5$w41$x0$y.i12099338$z20-12-02 945 $aLE013 15-XX ABE13 C.2 (1993)$g2$i2013000133577$lle013$o-$pE0.00$q-$rl$s- $t0$u50$v2$w50$x0$y.i1209934x$z20-12-02 945 $aLE013 15-XX ABE13 C.3 (1993)$g3$i2013000133584$lle013$o-$pE0.00$q-$rn$so $t1$u24$v0$w24$x0$y.i12099351$z20-12-02 945 $aLE025 ECO 512.5 ABE01.01$g1$i2025000141889$lle025$nSmarrito 6/2/2014$o-$pE0.00$q-$rl$sm $t0$u0$v0$w0$x0$y.i1404609x$z07-04-05 996 $aElementi di algebra lineare e geometria$951604 997 $aUNISALENTO 998 $a(4)le026$a(3)le013$ale025$b01-01-02$cm$da $e-$fita$git $h0$i8 LEADER 03633nam 2200625 a 450 001 9910781458503321 005 20231027201503.0 010 $a1-280-68774-6 010 $a9786613664686 010 $a0-8032-2686-1 035 $a(CKB)2550000000041026 035 $a(EBL)928355 035 $a(OCoLC)742517462 035 $a(SSID)ssj0000529861 035 $a(PQKBManifestationID)11364784 035 $a(PQKBTitleCode)TC0000529861 035 $a(PQKBWorkID)10557348 035 $a(PQKB)11264986 035 $a(MiAaPQ)EBC928355 035 $a(MdBmJHUP)muse3731 035 $a(Au-PeEL)EBL928355 035 $a(CaPaEBR)ebr10481069 035 $a(CaONFJC)MIL366468 035 $a(EXLCZ)992550000000041026 100 $a20110202d2011 uy 0 101 0 $aeng 135 $aur|n|---||||| 181 $ctxt$2rdacontent 182 $cc$2rdamedia 183 $acr$2rdacarrier 200 10$aTopic and discourse structure in West Greenlandic agreement constructions$b[electronic resource] /$fAnna Berge 210 1$aLincoln :$cUniversity of Nebraska Press,$dc2011. 215 $a1 online resource (465 pages) 225 1 $aStudies in the native languages of the Americas. 300 $a"In cooperation with the American Indian Studies Research Institute, Indiana University, Bloomington." 311 $a0-8032-1645-9 320 $aIncludes bibliographical references and index. 327 $aTitle Page; Copyright Page; Table of Contents; List of Tables; Preface; Acknowledgments; List of Abbreviations; Orthographic Conventions; 1 Introduction; 1.1 Overview of West Greenlandic grammar; 1.2 Inuit language in syntactic theory; 1.3 Approaches to the study of discourse; 1.4 Theoretical approach to discourse structure in West Greenlandic; 2 Topic (and theme) as discourse roles; 2.1 Issues in the definition of topic; 2.2 Issues in the definition of theme; 2.3 Introduction and identification of topics and themes; 2.4 Discourse roles; 3 Ergativity as a reflection of topic status 327 $a3.1 Ergativity in West Greenlandic3.2 Treatment of ergativity in modern syntactictheories of West Greenlandic; 3.3 Subjecthood, agency, and topic; 3.4 Role of topic in the use and distribution ofergative structures in West Greenlandic; 3.5 Data analysis; 3.6 Chapter conclusion; 4 Switch-reference or thematic coherence and topic continuity?; 4.1 Switch-reference in West Greenlandic; 4.2 Switch-reference as a system of subjector topic/thematic coherence; 4.3 Role of topic in the use and distribution of switch reference marking in West Greenlandic; 4.4 Data analysis 327 $a4.4.1 Subordinate pronominal inflection4.4.2 Contemporatives and participials; 4.4.2.1 The contemporative; 4.4.2.2 The participial; 4.5 Chapter conclusion; 5 Conclusion; 5.1 Findings; 5.2 Some comments on the role of discourse in linguistic descriptions; Appendix; A1 Notes on data collection; A2 Notes on transcription and intonation; Notes; References; Index 410 0$aStudies in the native languages of the Americas. 606 $aKalaallisut language$xDiscourse analysis 606 $aKalaallisut language$xSyntax 615 0$aKalaallisut language$xDiscourse analysis. 615 0$aKalaallisut language$xSyntax. 676 $a497/.12 700 $aBerge$b Anna$01493600 712 02$aIndiana University, Bloomington.$bAmerican Indian Studies Research Institute. 801 0$bMiAaPQ 801 1$bMiAaPQ 801 2$bMiAaPQ 906 $aBOOK 912 $a9910781458503321 996 $aTopic and discourse structure in West Greenlandic agreement constructions$93716629 997 $aUNINA LEADER 01752nas 2200445 c 450 001 9910896494303321 005 20260218111157.0 024 7 $aurn:nbn:de:bsz:boa-zdb2460640-61 035 $a(DE-599)ZDB2460640-6 035 $a(OCoLC)1368462423 035 $a(DE-101)990972046 035 $a(CKB)4910000000549896 035 $a(DE-599)2460640-6 035 $a(EXLCZ)994910000000549896 100 $a20081027b20062009 |y | 101 0 $ager 135 $aur||||||||||| 181 $ctxt$2rdacontent 182 $cc$2rdamedia 183 $acr$2rdacarrier 200 00$aAnalytische Untersuchung von Bauschuttrecyclingmaterial in Baden-Wu?rttemberg$fLandesanstalt fu?r Umwelt, Messungen und Naturschutz Baden-Wu?rttemberg, LUBW ; Baden-Wu?rttemberg. Bearb. LUBW, Landesanstalt fu?r Umwelt, Messungen und Naturschutz Baden-Wu?rttemberg, Referat 35, Abfallwirtschaft 210 31$aKarlsruhe$cLUBW$d2006-2009 215 $aOnline-Ressource 300 $aGesehen am 11.03.2019 606 $aBauschutt$3(DE-588)4125111-8$3https://d-nb.info/gnd/4125111-8$3(DE-101)041251113$9rswk-swf$2gnd 606 $aRecycling$3(DE-588)4076573-8$3https://d-nb.info/gnd/4076573-8$3(DE-101)040765733$9rswk-swf$2gnd 607 $aBaden-Württemberg$9rswk-swf$2gnd 608 $aZeitschrift$2gnd-content 608 $aOnline-Publikation$9rswk-swf$2gnd 615 7$aBauschutt. 615 7$aRecycling. 676 $a310 712 02$aLandesanstalt fu?r Umwelt, Messungen und Naturschutz Baden-Wu?rttemberg$4isb 801 0$b0031 801 1$bDE-101 801 2$b9999 906 $aJOURNAL 912 $a9910896494303321 996 $aAnalytische Untersuchung von Bauschuttrecyclingmaterial in Baden-Württemberg$94226751 997 $aUNINA